Đổi mới, chỉnh đốn Đảng, nâng cao năng lực lãnh đạo và sức chiến đấu của Đảng : (Đại hội đảng toàn quốc lần thứ X)
Sách trình bày về những quan điểm của chủ nghĩa Mác - Lênin, tư tưởng Hồ Chí Minh về Đảng và vấn đề vận dụng những quan điểm đó thực hiện đổi mới , chỉnh đốn, nâng cao sức chiến đấu, năng lực lãnh đạo của Đảng, xây dựng đội ngũ Đản...
Na minha lista:
| Formato: | Livro |
|---|---|
| Idioma: | Undetermined |
| Publicado em: |
Hà Nội
Quân đội Nhân dân
2006
|
| Assuntos: | |
| Tags: |
Adicionar Tag
Sem tags, seja o primeiro a adicionar uma tag!
|
| Thư viện lưu trữ: | Trung tâm Học liệu Trường Đại học Cần Thơ |
|---|
| LEADER | 01160nam a2200205Ia 4500 | ||
|---|---|---|---|
| 001 | CTU_103399 | ||
| 008 | 210402s9999 xx 000 0 und d | ||
| 020 | |c 295000 | ||
| 082 | |a 324.2597075 | ||
| 082 | |b Đ452 | ||
| 245 | 0 | |a Đổi mới, chỉnh đốn Đảng, nâng cao năng lực lãnh đạo và sức chiến đấu của Đảng : | |
| 245 | 0 | |b (Đại hội đảng toàn quốc lần thứ X) | |
| 260 | |a Hà Nội | ||
| 260 | |b Quân đội Nhân dân | ||
| 260 | |c 2006 | ||
| 520 | |a Sách trình bày về những quan điểm của chủ nghĩa Mác - Lênin, tư tưởng Hồ Chí Minh về Đảng và vấn đề vận dụng những quan điểm đó thực hiện đổi mới , chỉnh đốn, nâng cao sức chiến đấu, năng lực lãnh đạo của Đảng, xây dựng đội ngũ Đảng viên đáp ứng yêu cầu nhiệm vụ cách mạng trong giai đoạn đổi mới. | ||
| 650 | |a Communist parties | ||
| 650 | |z Vietnam | ||
| 904 | |i Bằng | ||
| 980 | |a Trung tâm Học liệu Trường Đại học Cần Thơ | ||